[Event "Wch Seniors 65 30th"]
[Site "Assisi"]
[Date "2022.11.15"]
[Round "1"]
[White "Pomes Marcet, Juan"]
[Black "Canonne, Antoine"]
[Result "1-0"]
[WhiteElo "2197"]
[BlackElo "1853"]
[PlyCount "89"]
[EventDate "2022.11.15"]
[EventType "swiss"]
[EventRounds "11"]
[EventCountry "ITA"]
[SourceTitle "CBM 211 Extra"]
[Source "ChessBase"]
[SourceDate "2023.01.31"]
[SourceVersion "1"]
[SourceVersionDate "2023.01.31"]
[SourceQuality "1"]

1. d4 Nc6 2. c4 e5 3. d5 Nce7 4. Nc3 Ng6 5. g3 Bc5 6. Bg2 f5 7. Nf3 N8e7 8. a3 a5 9. Na4 d6 10. Nxc5 dxc5 11. Qa4+ Bd7 12. Qb3 Rb8 13. Qc3 0-0 14. Nxe5 Nxe5 15. Qxe5 Ng6 16. Qc3 h6 17. f4 Qe7 18. Bf3 Rf6 19. 0-0 c6 20. b3 cxd5 21. cxd5 Rd8 22. Bb2 Rf7 23. d6 Qe8 24. Rad1 Be6 25. e4 fxe4 26. Bxe4 Nf8 27. Rfe1 Qb5 28. Re3 c4 29. b4 axb4 30. axb4 Qh5 31. Rd2 Qg4 32. Qe5 Kh8 33. Bf3 Qg6 34. Bh5 Qb1+ 35. Re1 Qf5 36. Bxf7 Qxf7 37. f5 Bc8 38. Qe7 Rd7 39. Qxf7 Rxf7 40. Re7 Kg8 41. Rxf7 Kxf7 42. Re2 Bxf5 43. Re7+ Kg6 44. Rxg7+ Kh5 45. Rf7 1-0

[Event "Guernsey op 45th"]
[Site "Vale"]
[Date "2019.10.26"]
[Round "7"]
[White "Reijneveld, Ad"]
[Black "Canonne, Antoine"]
[Result "1/2-1/2"]
[WhiteElo "2056"]
[BlackElo "1908"]
[PlyCount "25"]
[EventDate "2019.10.20"]
[EventType "swiss"]
[EventRounds "7"]
[EventCountry "GCI"]
[SourceTitle "EXT 2021"]
[Source "ChessBase"]
[SourceDate "2020.10.23"]
[SourceVersion "1"]
[SourceVersionDate "2020.10.23"]
[SourceQuality "1"]

1. Nc3 d5 2. e4 c6 3. Nf3 Bg4 4. h3 Bh5 5. Be2 e6 6. 0-0 Nf6 7. exd5 cxd5 8. d4 Be7 9. Ne5 Bxe2 10. Qxe2 0-0 11. Bg5 Nfd7 12. Bxe7 Qxe7 13. Nxd7 1/2-1/2

[Event "Guernsey op 45th"]
[Site "Vale"]
[Date "2019.10.21"]
[Round "2"]
[White "Canonne, Antoine"]
[Black "Sedgwick, David"]
[Result "1/2-1/2"]
[WhiteElo "1908"]
[BlackElo "1999"]
[PlyCount "67"]
[EventDate "2019.10.20"]
[EventType "swiss"]
[EventRounds "7"]
[EventCountry "GCI"]
[SourceTitle "EXT 2021"]
[Source "ChessBase"]
[SourceDate "2020.10.23"]
[SourceVersion "1"]
[SourceVersionDate "2020.10.23"]
[SourceQuality "1"]

1. e4 e5 2. Nc3 Nf6 3. f4 d5 4. fxe5 Nxe4 5. d3 Nxc3 6. bxc3 Be7 7. Nf3 c5 8. Be2 Nc6 9. 0-0 Be6 10. Qe1 Qd7 11. d4 c4 12. a4 0-0-0 13. Ba3 Bxa3 14. Rxa3 Qe7 15. Ra2 g5 16. Qf2 h5 17. a5 h4 18. a6 b6 19. Nd2 Rh6 20. Nb1 g4 21. Qf4 Rg6 22. Na3 g3 23. Nb5 gxh2+ 24. Kxh2 h3 25. g3 Rdg8 26. Rg1 Qg5 27. Nd6+ Kb8 28. Qxg5 Rxg5 29. Raa1 Ne7 30. Raf1 R8g7 31. Rf2 Nf5 32. Nxf5 Bxf5 33. Bf3 Be6 34. Rff1 1/2-1/2

[Event "Guernsey op 44th"]
[Site "Vale"]
[Date "2018.10.27"]
[Round "7"]
[White "Wager, John D"]
[Black "Canonne, Antoine"]
[Result "1/2-1/2"]
[WhiteElo "2029"]
[BlackElo "1902"]
[PlyCount "80"]
[EventDate "2018.10.21"]
[EventType "swiss"]
[EventRounds "7"]
[EventCountry "GCI"]
[SourceTitle "CBM 187 Extra"]
[Source "ChessBase"]
[SourceDate "2018.11.04"]
[SourceVersion "1"]
[SourceVersionDate "2018.11.04"]
[SourceQuality "1"]

1. Nf3 g6 2. g3 Bg7 3. Bg2 Nf6 4. 0-0 c5 5. c4 0-0 6. Nc3 Nc6 7. d3 d6 8. Rb1 a6 9. a3 Ng4 10. Bd2 e6 11. b4 cxb4 12. axb4 Bd7 13. b5 axb5 14. Nxb5 Qe7 15. Bc3 Bxc3 16. Nxc3 Bc8 17. h3 Nf6 18. Qd2 Kg7 19. Rb2 h6 20. Rfb1 Rd8 21. Qc2 d5 22. cxd5 exd5 23. Na4 Ra7 24. Nb6 Be6 25. e3 Kh7 26. Rc1 Nd7 27. Nxd7 Qxd7 28. Kh2 Qe7 29. d4 Rc8 30. Qc5 Rc7 31. Ne5 Qd8 32. Rb6 Ra8 33. Nxc6 bxc6 34. Rcb1 Rac8 35. R1b2 Kg7 36. f3 h5 37. e4 h4 38. g4 Qf6 39. e5 Qf4+ 40. Kh1 Ra7 1/2-1/2

[Event "Guernsey op 43rd"]
[Site "Vale"]
[Date "2017.10.20"]
[Round "6"]
[White "Canonne, Antoine"]
[Black "Taylor, Mark V"]
[Result "1/2-1/2"]
[WhiteElo "1893"]
[BlackElo "2015"]
[PlyCount "39"]
[EventDate "2017.10.15"]
[EventType "swiss"]
[EventRounds "7"]
[EventCountry "GCI"]
[SourceTitle "CBM 181 Extra"]
[Source "ChessBase"]
[SourceDate "2017.12.12"]
[SourceVersion "1"]
[SourceVersionDate "2017.12.12"]
[SourceQuality "1"]

1. e4 e6 2. d4 d5 3. Nd2 Nc6 4. Ngf3 Nf6 5. e5 Nd7 6. c3 f6 7. Bb5 fxe5 8. dxe5 Be7 9. Qe2 0-0 10. 0-0 Qe8 11. Re1 Nd8 12. Nf1 a6 13. Ba4 c5 14. Bc2 c4 15. Ng5 Bxg5 16. Bxg5 Nc6 17. f4 Rf7 18. Qg4 Nf8 19. Ng3 Ne7 20. Bxe7 1/2-1/2

[Event "Guernsey op 43rd"]
[Site "Vale"]
[Date "2017.10.19"]
[Round "5"]
[White "Van den Boogaart, Jan Maarten"]
[Black "Canonne, Antoine"]
[Result "1/2-1/2"]
[WhiteElo "1991"]
[BlackElo "1893"]
[PlyCount "36"]
[EventDate "2017.10.15"]
[EventType "swiss"]
[EventRounds "7"]
[EventCountry "GCI"]
[SourceTitle "CBM 181 Extra"]
[Source "ChessBase"]
[SourceDate "2017.12.12"]
[SourceVersion "1"]
[SourceVersionDate "2017.12.12"]
[SourceQuality "1"]

1. e4 c5 2. Nf3 e6 3. d4 cxd4 4. Nxd4 Bc5 5. Nb3 Bb6 6. Nc3 Ne7 7. Bf4 0-0 8. Bd6 Nbc6 9. Be2 Bc7 10. 0-0 Bxd6 11. Qxd6 f5 12. f3 f4 13. Rad1 Ng6 14. Rf2 Qg5 15. Nc5 Nce5 16. b3 b6 17. Nd3 Nf7 18. Qb4 Bb7 1/2-1/2

[Event "Guernsey op 43rd"]
[Site "Vale"]
[Date "2017.10.18"]
[Round "4"]
[White "Canonne, Antoine"]
[Black "Murray, John Stephen"]
[Result "1-0"]
[WhiteElo "1893"]
[BlackElo "1763"]
[PlyCount "95"]
[EventDate "2017.10.15"]
[EventType "swiss"]
[EventRounds "7"]
[EventCountry "GCI"]
[SourceTitle "CBM 181 Extra"]
[Source "ChessBase"]
[SourceDate "2017.12.12"]
[SourceVersion "1"]
[SourceVersionDate "2017.12.12"]
[SourceQuality "1"]

1. e4 c5 2. Nc3 d6 3. f4 Nc6 4. Nf3 g6 5. Bb5 Bd7 6. 0-0 Bg7 7. Bxc6 Bxc6 8. d3 Qd7 9. Qe1 0-0-0 10. a4 Nh6 11. Nb5 Bxb5 12. axb5 b6 13. c4 f5 14. Ra2 Nf7 15. Bd2 e5 16. Bc3 Rhe8 17. Qd2 Qe7 18. Qc2 Rd7 19. Ra6 Bh6 20. fxe5 Nxe5 21. Nxe5 dxe5 22. Qe2 f4 23. Qg4 Kb8 24. Bxe5+ Ka8 25. Bxf4 Bxf4 26. Qxf4 Rxd3 27. Rfa1 Rd7 28. Rxb6 Rd1+ 29. Rxd1 axb6 30. Ra1+ Kb7 31. Re1 Rf8 32. Qe3 Qe5 33. b3 Rf4 34. g3 Rf7 35. Qd3 Kc7 36. Rf1 Rd7 37. Qe3 Re7 38. Re1 Rf7 39. Kg2 Qb2+ 40. Re2 Qe5 41. Rf2 Rxf2+ 42. Kxf2 g5 43. Kf3 h5 44. h3 Qf6+ 45. Kg2 Qb2+ 46. Qf2 Qe5 47. Qf7+ Kc8 48. Qf5+ 1-0

[Event "Wch Seniors 50 26th"]
[Site "Marianske Lazne"]
[Date "2016.11.30"]
[Round "11"]
[White "Miculka, Petr"]
[Black "Canonne, Antoine"]
[Result "1/2-1/2"]
[WhiteElo "1995"]
[BlackElo "1887"]
[PlyCount "30"]
[EventDate "2016.11.19"]
[EventType "swiss"]
[EventRounds "11"]
[EventCountry "CZE"]
[SourceTitle "CBM 175 Extra"]
[Source "ChessBase"]
[SourceDate "2016.12.12"]
[SourceVersion "1"]
[SourceVersionDate "2016.12.12"]
[SourceQuality "1"]

1. e4 c5 2. Nf3 e6 3. d3 Nc6 4. g3 d6 5. Bg2 Be7 6. 0-0 Nf6 7. Re1 Qc7 8. c3 Bd7 9. d4 cxd4 10. cxd4 0-0 11. Nc3 Rac8 12. e5 Nd5 13. Nxd5 exd5 14. Bf4 Be6 15. Rc1 Qd7 1/2-1/2

[Event "Wch Seniors 50 26th"]
[Site "Marianske Lazne"]
[Date "2016.11.23"]
[Round "5"]
[White "Daneri, Martin"]
[Black "Canonne, Antoine"]
[Result "1/2-1/2"]
[WhiteElo "2113"]
[BlackElo "1887"]
[PlyCount "80"]
[EventDate "2016.11.19"]
[EventType "swiss"]
[EventRounds "11"]
[EventCountry "CZE"]
[SourceTitle "CBM 175 Extra"]
[Source "ChessBase"]
[SourceDate "2016.12.12"]
[SourceVersion "1"]
[SourceVersionDate "2016.12.12"]
[SourceQuality "1"]

1. e4 c5 2. Nc3 e6 3. f4 d5 4. Bb5+ Nc6 5. Bxc6+ bxc6 6. d3 Nf6 7. Bd2 Rb8 8. b3 Be7 9. Nf3 Ba6 10. Ne5 Qc7 11. Qf3 0-0 12. 0-0 Bd6 13. Rad1 Bxe5 14. fxe5 Qxe5 15. exd5 Qd4+ 16. Kh1 cxd5 17. Na4 c4 18. Be3 Qg4 19. Bxa7 Qxf3 20. Rxf3 Rb7 21. Bf2 Nd7 22. dxc4 dxc4 23. Rc3 cxb3 24. cxb3 Bb5 25. Nb2 Nf6 26. Kg1 Nd5 27. Rc5 Ra8 28. Rdc1 f6 29. Rc8+ Rxc8 30. Rxc8+ Kf7 31. Bc5 Rc7 32. Rxc7+ Nxc7 33. Kf2 Ke8 34. Ke3 Kd7 35. a4 Bc6 36. g3 g5 37. b4 h5 38. b5 Bd5 39. Bb6 Ne8 40. Bc5 Nc7 1/2-1/2

[Event "Guernsey op 42nd"]
[Site "Vale"]
[Date "2016.10.22"]
[Round "7"]
[White "Magnussen, Pal"]
[Black "Canonne, Antoine"]
[Result "1-0"]
[WhiteElo "1926"]
[BlackElo "1928"]
[PlyCount "87"]
[EventDate "2016.10.16"]
[EventType "swiss"]
[EventRounds "7"]
[EventCountry "GCI"]
[SourceTitle "CBM 175 Extra"]
[Source "ChessBase"]
[SourceDate "2016.12.12"]
[SourceVersion "1"]
[SourceVersionDate "2016.12.12"]
[SourceQuality "1"]

1. e4 c5 2. Nf3 e6 3. Qe2 Nc6 4. g3 Qc7 5. Bg2 d6 6. 0-0 Be7 7. c3 e5 8. d3 Nf6 9. Be3 0-0 10. Nbd2 Ng4 11. d4 Nxe3 12. fxe3 a5 13. Rfd1 Bd7 14. a4 Na7 15. dxe5 dxe5 16. Nc4 Nc6 17. Rxd7 Qxd7 18. Nb6 Qc7 19. Nxa8 Rxa8 20. Rd1 Rd8 21. Rd5 b6 22. Bh3 Rd6 23. Nd2 Kf8 24. Nc4 Rxd5 25. exd5 Nd8 26. Qd3 Nb7 27. Qxh7 Bf6 28. Qh8+ Ke7 29. Qc8 Qxc8 30. Bxc8 Nd6 31. Nxb6 Bg5 32. Kf2 f5 33. Kf3 g6 34. Be6 Ne4 35. Nc4 Bf6 36. Ke2 Ng5 37. Bc8 Kd8 38. Ba6 Kc7 39. Bb5 Ne4 40. Nxa5 g5 41. Nc4 f4 42. exf4 exf4 43. gxf4 gxf4 44. Kf3 1-0

[Event "World Amateur-ch U2000"]
[Site "Chalkidiki"]
[Date "2016.04.21"]
[Round "3"]
[White "Canonne, Antoine"]
[Black "Limono, Handjojo"]
[Result "1/2-1/2"]
[WhiteElo "1966"]
[BlackElo "1889"]
[PlyCount "154"]
[EventDate "2016.04.19"]
[EventType "swiss"]
[EventRounds "9"]
[EventCountry "GRE"]
[SourceTitle "CBM 172 Extra"]
[Source "ChessBase"]
[SourceDate "2016.06.21"]
[SourceVersion "1"]
[SourceVersionDate "2016.06.21"]
[SourceQuality "1"]

1. e4 d5 2. exd5 Qxd5 3. Nc3 Qd6 4. Bc4 Nf6 5. d3 c6 6. Qe2 Bg4 7. f3 Bf5 8. Bd2 e6 9. Ne4 Qd8 10. h4 h6 11. 0-0-0 a5 12. g4 Bh7 13. g5 Nd5 14. Bxd5 cxd5 15. Nc3 Bf5 16. Nh3 Be7 17. Nf4 h5 18. g6 Nc6 19. Nb5 Qd7 20. gxf7+ Kxf7 21. Nh3 Nb4 22. a4 Rac8 23. Bxb4 axb4 24. Ng5+ Bxg5+ 25. hxg5 g6 26. Qe5 Rhd8 27. b3 Qe7 28. f4 Kg8 29. Rhe1 Qg7 30. Rd2 Qxe5 31. Rxe5 Kf7 32. Kd1 Rd7 33. Ke1 Bg4 34. Rh2 Kg7 35. Kd2 Rf8 36. Ke3 Kf7 37. Nd4 Rc8 38. Nb5 Rc5 39. Kd4 Rc6 40. Re1 Rd8 41. Rc1 Ke7 42. Ke3 Rf8 43. Re1 Rcc8 44. Nd4 Kd7 45. Nf3 Bxf3 46. Kxf3 Rc6 47. Kg3 Rfc8 48. Ree2 Kd6 49. Kf3 Rf8 50. Ke3 Rf5 51. Rh4 Rc8 52. Rg2 Rcf8 53. d4 Rc8 54. Kd2 Rf7 55. Re2 Rfc7 56. Kd1 Rc3 57. Rhh2 Rf3 58. Rhf2 Rcc3 59. Kd2 h4 60. Ke1 Ke7 61. Kf1 Kf7 62. Kg2 Rg3+ 63. Kh1 Rce3 64. Rxe3 Rxe3 65. Kg2 Re4 66. Kh3 Rxd4 67. Kxh4 Re4 68. Kg3 Re3+ 69. Kg2 Rc3 70. Kf1 b6 71. Ke1 Rh3 72. Kd2 Ke7 73. Kd1 Kd6 74. Kd2 Kc5 75. Re2 Kd6 76. Rf2 Rh5 77. Kd3 Rh3+ 1/2-1/2

[Event "Guernsey op 41st"]
[Site "Vale"]
[Date "2015.10.23"]
[Round "6"]
[White "Collier, David"]
[Black "Canonne, Antoine"]
[Result "1/2-1/2"]
[WhiteElo "2037"]
[BlackElo "1967"]
[PlyCount "46"]
[EventDate "2015.10.18"]
[EventType "swiss"]
[EventRounds "7"]
[EventCountry "GCI"]
[SourceTitle "EXT 2017"]
[Source "ChessBase"]
[SourceDate "2016.10.25"]
[SourceVersion "1"]
[SourceVersionDate "2016.10.25"]
[SourceQuality "1"]

1. d4 Nc6 2. d5 Ne5 3. e4 Ng6 4. Nf3 e5 5. dxe6 dxe6 6. Qxd8+ Kxd8 7. Bd3 Bd6 8. Nc3 c6 9. 0-0 Nf6 10. Rd1 Ke7 11. Ne2 Nh5 12. g3 e5 13. Kg2 h6 14. Be3 Be6 15. a4 Rhd8 16. Nd2 Kf8 17. Bc4 Bc7 18. Nc3 Nf6 19. f3 Bxc4 20. Nxc4 Rxd1 21. Rxd1 a5 22. Bc5+ Ke8 23. Kf2 Rd8 1/2-1/2

[Event "Guernsey op 41st"]
[Site "Vale"]
[Date "2015.10.21"]
[Round "4"]
[White "Thurlow, Kevin J"]
[Black "Canonne, Antoine"]
[Result "1/2-1/2"]
[WhiteElo "2016"]
[BlackElo "1967"]
[PlyCount "54"]
[EventDate "2015.10.18"]
[EventType "swiss"]
[EventRounds "7"]
[EventCountry "GCI"]
[SourceTitle "EXT 2017"]
[Source "ChessBase"]
[SourceDate "2016.10.25"]
[SourceVersion "1"]
[SourceVersionDate "2016.10.25"]
[SourceQuality "1"]

1. c4 Nc6 2. Nc3 e5 3. Nf3 f5 4. d4 e4 5. Ng5 Bb4 6. Nh3 Nf6 7. e3 0-0 8. Be2 d6 9. 0-0 Bxc3 10. bxc3 b6 11. Qa4 Qe8 12. Qb3 Na5 13. Qb4 Ba6 14. Nf4 g5 15. c5 Bxe2 16. Nxe2 d5 17. Ng3 Qe6 18. a4 Nc4 19. Ra2 Nd7 20. cxb6 axb6 21. Ne2 Rf6 22. f4 g4 23. Kf2 Rh6 24. Rh1 Kf7 25. Ng3 Ra5 26. Nf1 Qd6 27. Nd2 Nxd2 1/2-1/2

[Event "Guernsey op 41st"]
[Site "Vale"]
[Date "2015.10.20"]
[Round "3"]
[White "Canonne, Antoine"]
[Black "Taylor, Mark V"]
[Result "1/2-1/2"]
[WhiteElo "1967"]
[BlackElo "2053"]
[PlyCount "47"]
[EventDate "2015.10.18"]
[EventType "swiss"]
[EventRounds "7"]
[EventCountry "GCI"]
[SourceTitle "EXT 2017"]
[Source "ChessBase"]
[SourceDate "2016.10.25"]
[SourceVersion "1"]
[SourceVersionDate "2016.10.25"]
[SourceQuality "1"]

1. e4 e6 2. d4 b6 3. Nc3 Bb7 4. Bd3 Nf6 5. Qe2 d6 6. Nf3 Nbd7 7. Bd2 Be7 8. h3 c5 9. 0-0 a6 10. a4 cxd4 11. Nxd4 Qc7 12. Rfe1 0-0 13. Bg5 Rfe8 14. Bh4 g6 15. Nf3 Nc5 16. Qd2 Nxd3 17. cxd3 Qd8 18. Bg5 Rc8 19. Rec1 e5 20. Ne2 Nh5 21. Rxc8 Bxc8 22. Bxe7 Rxe7 23. Rc1 Rc7 24. d4 1/2-1/2

[Event "FRA-ch Seniors"]
[Site "Saint Quentin"]
[Date "2015.??.??"]
[Round "4"]
[White "Canonne, Antoine"]
[Black "Andrieu, Philippe"]
[Result "1/2-1/2"]
[WhiteElo "1962"]
[BlackElo "1840"]
[PlyCount "105"]
[EventDate "2015.08.09"]
[EventType "swiss"]
[EventRounds "11"]
[EventCountry "FRA"]
[SourceTitle "EXT 2016"]
[Source "ChessBase"]
[SourceDate "2015.10.08"]
[SourceVersion "1"]
[SourceVersionDate "2015.10.08"]
[SourceQuality "1"]

1. e4 c5 2. Nc3 e6 3. f4 Nc6 4. Nf3 b6 5. Bb5 Bb7 6. 0-0 Nd4 7. Bd3 Nf6 8. Qe1 c4 9. Nxd4 cxd3 10. cxd3 Bc5 11. Nce2 Ba6 12. Rf3 Nxe4 13. dxe4 Bxe2 14. Qxe2 Bxd4+ 15. Kh1 0-0 16. d3 Rc8 17. Be3 Bxe3 18. Qxe3 Rc2 19. Rf2 Rxf2 20. Qxf2 Qc7 21. h3 Rc8 22. Rd1 Qc2 23. Qd2 Kf8 24. Kh2 Ke8 25. Kg3 a5 26. Kf3 b5 27. Ke2 Qc7 28. Qe3 b4 29. Qg3 Kf8 30. Qe3 Qc6 31. Qa7 a4 32. Qd4 Qb7 33. Qd6+ Ke8 34. Qd4 f6 35. Rd2 Qb5 36. g4 b3 37. a3 Ke7 38. Kf2 Qa5 39. Ke2 Rc6 40. g5 Rd6 41. gxf6+ gxf6 42. Qf2 Rc6 43. Qg3 Rc2 44. Qe3 Qh5+ 45. Kf2 Qh4+ 46. Kg2 Qh5 47. Kg3 Qg6+ 48. Kh2 Qh6 49. Rxc2 bxc2 50. Qc5+ Ke8 51. Qxc2 Qxf4+ 52. Kg2 Qg5+ 53. Kh2 1/2-1/2

[Event "Guernsey op 40th"]
[Site "Vale"]
[Date "2014.10.25"]
[Round "7"]
[White "Jackson, Oliver A"]
[Black "Canonne, Antoine"]
[Result "1-0"]
[WhiteElo "2142"]
[BlackElo "1945"]
[PlyCount "53"]
[EventDate "2014.10.19"]
[EventType "swiss"]
[EventRounds "7"]
[EventCountry "GCI"]
[SourceTitle "EXT 2016"]
[Source "ChessBase"]
[SourceDate "2015.10.08"]
[SourceVersion "1"]
[SourceVersionDate "2015.10.08"]
[SourceQuality "1"]

1. e4 c6 2. d4 d5 3. Nc3 dxe4 4. Nxe4 Bf5 5. Ng3 Bg6 6. h4 h6 7. N1e2 Nf6 8. Nf4 Bh7 9. Bc4 e6 10. 0-0 Nd5 11. Re1 Nxf4 12. Bxf4 Qxh4 13. Qf3 Be7 14. Nh5 Bf6 15. g3 Qh3 16. Nxf6+ gxf6 17. Bxb8 Rxb8 18. Bxe6 fxe6 19. Qxf6 Kd7 20. Qf7+ Kd6 21. c4 Rbf8 22. c5+ Kd5 23. Qd7+ Kc4 24. Rac1+ Kd3 25. Qxb7 Rb8 26. Qa6+ Rb5 27. Qa3+ 1-0

[Event "Purticciu op 1st"]
[Site "Grosseto Prugna"]
[Date "2014.05.09"]
[Round "5"]
[White "Skomorokhin, Roman"]
[Black "Canonne, Antoine"]
[Result "1-0"]
[WhiteElo "2384"]
[BlackElo "1954"]
[PlyCount "93"]
[EventDate "2014.05.06"]
[EventType "swiss"]
[EventRounds "7"]
[EventCountry "FRA"]
[SourceTitle "CBM 160 Extra"]
[Source "ChessBase"]
[SourceDate "2014.07.01"]
[SourceVersion "1"]
[SourceVersionDate "2014.07.01"]
[SourceQuality "1"]

1. d4 Nf6 2. c4 e6 3. Nf3 Bb4+ 4. Nc3 0-0 5. Bg5 d5 6. e3 Nbd7 7. cxd5 exd5 8. Bd3 c5 9. 0-0 Bxc3 10. bxc3 Qa5 11. Qc2 h6 12. Bh4 Re8 13. Nd2 c4 14. Bf5 Qa6 15. Rab1 Nf8 16. Bxc8 Raxc8 17. Bxf6 gxf6 18. e4 Qc6 19. Rbe1 Ng6 20. f4 dxe4 21. Nxe4 f5 22. Ng3 Rxe1 23. Rxe1 Re8 24. Rxe8+ Qxe8 25. Qd2 Qb5 26. Nh5 Kf8 27. Qc1 Qa6 28. Qd2 Qb5 29. h3 Qb1+ 30. Kh2 a5 31. Qe2 Qb5 32. Kg3 Qc6 33. Qb2 b6 34. Kh2 Kg8 35. d5 Qc5 36. Qd2 Kf8 37. d6 Ke8 38. Nf6+ Kd8 39. Qe2 Qxd6 40. Qe8+ Kc7 41. Qxf7+ Kc6 42. Qxc4+ Qc5 43. Qe6+ Kb5 44. Qe8+ Kc4 45. Qxg6 Kxc3 46. Nd7 Qe3 47. Nxb6 1-0

[Event "Guernsey op"]
[Site "Guernsey"]
[Date "2013.10.23"]
[Round "4"]
[White "Canonne, Antoine"]
[Black "Goris Schouwstra, Adry"]
[Result "1-0"]
[WhiteElo "1970"]
[BlackElo "1903"]
[PlyCount "97"]
[EventDate "2013.10.20"]
[EventType "swiss"]
[EventRounds "7"]
[EventCountry "GCI"]
[SourceTitle "CBM 157 Extra"]
[Source "ChessBase"]
[SourceDate "2013.12.19"]
[SourceVersion "1"]
[SourceVersionDate "2013.12.19"]
[SourceQuality "1"]

1. e4 e6 2. d4 d5 3. Nd2 Nf6 4. e5 Nfd7 5. f4 c5 6. c3 Nc6 7. Ndf3 cxd4 8. cxd4 Bb4+ 9. Kf2 f6 10. g3 fxe5 11. fxe5 0-0 12. Kg2 Qe8 13. h4 Rf7 14. Ne2 Nf8 15. Nf4 Rc7 16. Bd3 Bd7 17. Be3 Rac8 18. Rc1 Ne7 19. Rxc7 Rxc7 20. g4 Neg6 21. Nh5 Bb5 22. Bb1 Be7 23. Ng3 Qd8 24. g5 Bb4 25. a3 Ba5 26. b4 Rc3 27. Bd2 Rxa3 28. bxa5 a6 29. Qc1 Ra4 30. Qb2 Qd7 31. Bc2 Rc4 32. Bd3 Rc8 33. Bxb5 axb5 34. Rb1 Qf7 35. Qxb5 Nf4+ 36. Bxf4 Qxf4 37. Qd3 Ng6 38. Rxb7 Qg4 39. Qb1 Nf4+ 40. Kf2 Nh3+ 41. Ke2 Rf8 42. Rb3 Qxg3 43. Qf1 Qf4 44. a6 Qe4+ 45. Kd2 Nf4 46. a7 Rc8 47. Rc3 Rxc3 48. Kxc3 Qe3+ 49. Kb4 1-0

[Event "Rethymno op 5th"]
[Site "Rethymno"]
[Date "2013.07.30"]
[Round "4"]
[White "Kokolias, Konstantinos"]
[Black "Canonne, Antoine"]
[Result "1-0"]
[WhiteElo "2135"]
[BlackElo "1983"]
[PlyCount "77"]
[EventDate "2013.07.28"]
[EventType "swiss"]
[EventRounds "9"]
[EventCountry "GRE"]
[SourceTitle "CBM 155 Extra"]
[Source "ChessBase"]
[SourceDate "2013.08.26"]
[SourceVersion "1"]
[SourceVersionDate "2013.08.26"]
[SourceQuality "1"]

1. d4 Nc6 2. Nf3 d5 3. c4 Bg4 4. cxd5 Bxf3 5. gxf3 Qxd5 6. e3 e5 7. Nc3 Bb4 8. Bd2 Bxc3 9. bxc3 exd4 10. cxd4 Nge7 11. Bg2 0-0 12. 0-0 Rfd8 13. f4 Qd6 14. Rb1 Rab8 15. Qc2 Qg6 16. Qxg6 hxg6 17. Rfc1 f5 18. Rb2 Kf8 19. Rcb1 Ke8 20. Rxb7 Rxb7 21. Rxb7 Rd7 22. Kf1 Kd8 23. Ke2 Kc8 24. Rb1 Nd5 25. Rc1 Nd8 26. Rc5 c6 27. Ba5 Kb7 28. Bxd8 Rxd8 29. Bxd5 cxd5 30. Kf3 Rd6 31. a4 Rd8 32. a5 Rd6 33. Kg3 Rd8 34. h3 a6 35. Kh4 Rh8+ 36. Kg5 Rxh3 37. Kxg6 Rh2 38. Kxg7 Rxf2 39. Rxd5 1-0

[Event "Sunningdale e2e4 op U2050 05"]
[Site "Sunningdale"]
[Date "2013.05.27"]
[Round "7"]
[White "McCarthy, Damian"]
[Black "Canonne, Antoine"]
[Result "1-0"]
[WhiteElo "1904"]
[BlackElo "1998"]
[PlyCount "117"]
[EventDate "2013.05.24"]
[EventType "swiss"]
[EventRounds "7"]
[EventCountry "ENG"]
[SourceTitle "EXT 2014"]
[Source "ChessBase"]
[SourceDate "2013.11.20"]
[SourceVersion "1"]
[SourceVersionDate "2013.11.20"]
[SourceQuality "1"]

1. e4 c5 2. Nf3 e6 3. d4 cxd4 4. Nxd4 Bc5 5. Nc3 Nc6 6. Be3 Qb6 7. Na4 Qa5+ 8. c3 Bxd4 9. Bxd4 Nxd4 10. Qxd4 e5 11. Qd1 Nf6 12. Bd3 0-0 13. 0-0 d6 14. c4 Bd7 15. Nc3 Rad8 16. Qd2 Qc5 17. Rfd1 a6 18. Rac1 Qb6 19. b3 Bc6 20. Qe1 Rfe8 21. Bf1 Qc7 22. Rd2 Qe7 23. Rcd1 Qe6 24. c5 Qg4 25. f3 Qg5 26. Rxd6 Rxd6 27. Rxd6 Nh5 28. Qd2 Nf4 29. Kh1 h6 30. g3 Ne6 31. Qxg5 hxg5 32. b4 Nd4 33. Kg2 Ra8 34. Bd3 Kf8 35. Nd5 Rc8 36. Nb6 Rc7 37. Kf2 Nb5 38. Bxb5 axb5 39. Ke3 f6 40. Rd8+ Kf7 41. Nd5 Rd7 42. Rxd7+ Bxd7 43. f4 gxf4+ 44. gxf4 exf4+ 45. Kxf4 g5+ 46. Kf3 Ke6 47. Ke3 Ke5 48. Ne7 Be8 49. Nc8 Bf7 50. Nd6 Bxa2 51. Nxb7 Bb1 52. Nd6 Bc2 53. Nf7+ Ke6 54. Nd8+ Kd7 55. Nb7 Bb3 56. Kd4 Be6 57. Nd6 Kc6 58. Ne8 f5 59. Ng7 1-0

[Event "Gibraltar Masters 11th"]
[Site "Caleta"]
[Date "2013.01.29"]
[Round "8"]
[White "Canonne, Antoine"]
[Black "Marttala, Thomas"]
[Result "0-1"]
[WhiteElo "2002"]
[BlackElo "2217"]
[PlyCount "116"]
[EventDate "2013.01.22"]
[EventType "swiss"]
[EventRounds "10"]
[EventCountry "GGB"]
[SourceTitle "CBM 153"]
[Source "ChessBase"]
[SourceDate "2013.03.14"]
[SourceVersion "1"]
[SourceVersionDate "2013.03.14"]
[SourceQuality "1"]

1. e4 d5 2. exd5 Qxd5 3. Nc3 Qd6 4. Bc4 c6 5. d4 Nf6 6. Nge2 Bf5 7. Bf4 Qb4 8. Bb3 e6 9. 0-0 Be7 10. Bc7 b6 11. a3 Qa5 12. Bc4 Bg6 13. Be5 b5 14. b4 Qd8 15. Bd3 Nbd7 16. Bg3 a5 17. Rb1 Nb6 18. Bxg6 hxg6 19. Qd3 Nc4 20. Nd1 axb4 21. axb4 Ra3 22. Rb3 Bxb4 23. Rxa3 Bxa3 24. Ne3 Nxe3 25. fxe3 Bd6 26. e4 Bxg3 27. Nxg3 e5 28. c3 0-0 29. Rd1 Qb6 30. h3 Rd8 31. Kh2 c5 32. d5 c4 33. Qe2 Ne8 34. Ra1 Nd6 35. Qd2 Re8 36. Qg5 Qd8 37. Qg4 Qb6 38. Qg5 b4 39. cxb4 c3 40. Qc1 Rc8 41. Qc2 Qxb4 42. Ra4 Qb2 43. Ra2 Qxc2 44. Rxc2 Kf8 45. Kg1 f5 46. exf5 gxf5 47. Kf2 Ke7 48. Ke2 Kf6 49. Kd3 e4+ 50. Ke3 Ke5 51. Ne2 f4+ 52. Kf2 Nf5 53. h4 e3+ 54. Kf1 Kxd5 55. Nxf4+ Ke4 56. g3 Nd4 57. Rc1 c2 58. Ne2 Nb3 0-1